Ing. Miroslav Palata ...

Bibliographic Details
Format: Article
Language:Slovak
Czech
ISSN:0016-7096
Subjects:

MARC

LEADER 00000nab a2200000 a 4500
001 vtls000743051
003 SK-MaSNL
005 20260304121514.0
008 250429c xo 0 slo
015 |a SNBRB2001/01-00573 
035 |a CLN000094889 
035 |a (urnnbn)urn:nbn:sk:snk:ar-006qz3 
035 |a (uuid)25854cc3-8c7a-451f-afcb-bf745f88cedf 
035 |a urn:nbn:sk:snk-ab88s5 
040 |a SNKBUCL  |b slo  |c SNKBUCL  |e AACR2 
041 0 |a cze 
044 |a xo  |c SK 
080 |a 528-051  |2 1997 
080 |a 929 Palata, Miroslav  |2 1997 
245 0 0 |a Ing. Miroslav Palata ... 
600 1 7 |a Palata, Miroslav,  |d 1930-  |2 snkbucl  |9 158439 
655 7 |a články z novín a časopisov  |2 snkbucl  |9 267496 
773 0 |t Geodetický a kartografický obzor  |g Roč. 46 (88), č. 10 (2000), s. 216  |x 0016-7096 
850 |a Slovenská národná knižnica 
852 |a Slovenská národná knižnica 
954 |a odborná, vedecká literatúra cudzojazyčná (svetová)  |2 lita 
958 |a article9 
958 |a OND 
958 |a CZ 
958 |a BC 
958 |a EUIPO 
992 |a RBX 
999 |c 2885413  |d 2887343